| Tag |
First Indicator |
Second Indicator |
Subfields |
| LEADER |
00000cam a2200000Ii 4500 |
| 001 |
in00003913402 |
| 005 |
20191219080653.0 |
| 008 |
171204s1956 txua s000 0 eng d |
| 035 |
|
|
|a (OCoLC)on1013890232
|
| 035 |
|
|
|a (OCoLC)1013890232
|
| 040 |
|
|
|a TXA
|b eng
|e rda
|c TXA
|d TXA
|d UtOrBLW
|
| 043 |
|
|
|a n-us-tx
|
| 049 |
|
|
|a TXAM
|
| 086 |
|
|
|a Z TA245.7 L47 no. L-145 [1956 revised]
|2 txdocs
|
| 090 |
|
|
|a S544.3.T4
|b T273 no. L-145 [1956 revised]
|
| 100 |
1 |
|
|a Elliott, Fred C.,
|e author.
|
| 245 |
1 |
0 |
|a Cotton defoliation guide for Texas, 1956 /
|c by Fred C. Elliott, Extension Cotton Work Specialist.
|
| 246 |
1 |
|
|a Guide for 1956 use of defoliants
|
| 250 |
|
|
|a 5-56 Revised.
|
| 264 |
|
1 |
|a College Station, Texas :
|b Texas Agricultural Extension Service,
|c [1956]
|
| 300 |
|
|
|a 1 folded leaf.
|
| 336 |
|
|
|a text
|b txt
|2 rdacontent
|
| 337 |
|
|
|a unmediated
|b n
|2 rdamedia
|
| 338 |
|
|
|a sheet
|b nb
|2 rdacarrier
|
| 490 |
1 |
|
|a L / [Texas Agricultural Extension Service] ;
|v 145
|
| 500 |
|
|
|a "15M--5-56, Revised."
|
| 500 |
|
|
|a Title from cover section.
|
| 500 |
|
|
|a The United States Department of Agriculture cooperating.
|
| 650 |
|
0 |
|a Cotton
|z Texas.
|
| 650 |
|
0 |
|a Defoliation
|z Texas.
|
| 650 |
|
3 |
|a cotton.
|
| 650 |
|
3 |
|a defoliation.
|
| 650 |
|
3 |
|a defoliants.
|
| 650 |
|
3 |
|a preharvest treatment.
|
| 650 |
|
3 |
|a application timing.
|
| 650 |
|
3 |
|a application rate.
|
| 710 |
1 |
|
|a United States.
|b Department of Agriculture,
|e issuing body.
|0 http://id.loc.gov/authorities/names/n79008243
|
| 710 |
2 |
|
|a Texas Agricultural Extension Service,
|e issuing body.
|0 http://id.loc.gov/authorities/names/n80010192
|
| 830 |
|
0 |
|a Leaflet (Texas Agricultural Extension Service) ;
|v 145 [1956 revised].
|
| 856 |
4 |
1 |
|z Available online via OAK Trust Repository
|u http://oaktrust.library.tamu.edu/handle/1969.1/161985
|t 0
|
| 994 |
|
|
|a C0
|b TXA
|
| 999 |
f |
f |
|s a9131f68-82c7-3aa7-8220-c09dbf1ef7db
|i 47236db1-e323-378b-a114-ae9d4955a4c3
|t 0
|
| 952 |
f |
f |
|a Texas A&M University
|b College Station
|c Electronic Resources
|d Available Online
|t 0
|e Z TA245.7 L47 no. L-145 [1956 revised]
|g Electronic
|h Superintendent of Documents classification
|
| 998 |
f |
f |
|a Z TA245.7 L47 no. L-145 [1956 revised]
|t 0
|l Available Online
|